000 00491nam a2200181Ia 4500
005 20250603145750.0
008 250603s9999 xx 000 0 und d
020 _a81-219-2285-2
050 _aHD 30.215 .A76/
100 _aArora, P.N.
245 0 _aStatistics for management (For M.B.A. course, Anna Univ. Chennai & other Indian universities)
260 _aNew Delhi
260 _bS.Change&Company LTD.
260 _c2003
300 _a648 p
650 _aNew Delhi
942 _cBK
999 _c42790
_d42790